LEADER 01046nam 2200349 4500 001 990000983660203316 035 $a0098366 035 $aUSA010098366 035 $a(ALEPH)000098366USA01 035 $a0098366 100 $a20020225d1989----km-y0ENGy0103----ba 101 $aeng 102 $aDE 200 1 $aSupercomputing$fedited by Janusz S. Kowalik 210 $aBerlin$cSpringer$dc1989 215 $aX, 425 p.$d24 cm 225 2 $aNATO ASI Series$hSeries F$iComputer and systems sciences$v62 300 $aAtti di un convegno tenuto a Trondheim 1989 410 $12001$aNATO ASI Series$hSeries F$iComputer and systems sciences$v59 410 $12001 676 $a004.11 702 1$aKOWALIK,$bJanusz S. 801 0$aIT$bsalbc$gISBD 912 $a990000983660203316 951 $a004.11 SUP$b10997 ING$c004.11 959 $aBK 969 $aTEC 979 $aPATTY$b90$c20020225$lUSA01$h1327 979 $c20020403$lUSA01$h1740 979 $aPATRY$b90$c20040406$lUSA01$h1708 996 $aSupercomputing$9975550 997 $aUNISA LEADER 01473cam0-22004931i-450- 001 990003819930403321 005 20051220112717.0 010 $a88-464-1770-4 035 $a000381993 035 $aFED01000381993 035 $a(Aleph)000381993FED01 035 $a000381993 100 $a20030910d1999----km-y0itay50------ba 101 0 $aita 102 $aIT 105 $ay-------001yy 200 1 $aUtili invasori$el'inserimento degli immigrati nel mercato del lavoro italiano$fMaurizio Ambrosini 210 $aMilano$cFrancoAngeli$d1999 215 $a281 p$d23 cm 300 $aIn testa al front.: Fondazione Cariplo per le iniziative e lo studio sulla multietnicità 610 0 $aImmigrati$aItalia$aMercato del lavoro 610 0 $aLavoro straniero$afenomeni migratori 610 0 $aMovimenti migratori 610 0 $aDemografia 610 0 $aItalia$aimmigrazione 676 $a304.845 676 $a040.003 676 $a331.620945 700 1$aAmbrosini,$bMaurizio$f<1956- >$035438 801 0$aIT$bUNINA$gRICA$2UNIMARC 901 $aBK 912 $a990003819930403321 952 $a304.845 AMB 1BIS$b144F$fBFS 952 $a304.845 AMB 1$b143F$fBFS 952 $a304.845 AMB 1BIS$b144$fBFS 952 $a040.003.AMB$b2350$fDECGE 952 $aXXIII-C-71$b7260$fMAS 952 $aIX A 960$b35961$fFSPBC 959 $aBFS 959 $aDECGE 959 $aMAS 959 $aFSPBC 996 $aUtili invasori$9506143 997 $aUNINA